España y su nacionalismo sindical

Enregistré dans:
Détails bibliographiques
Auteur principal: Díaz-Gana N., Manuel (Auteur)
Format: Livre
Langue:espagnol
Publié: Valparaíso Liguria 1938
Sujets:
Tags: Ajouter un tag
Pas de tags, Soyez le premier à ajouter un tag!

MARC

LEADER 00000nam a2200000 a 4500
001 UCP7248
003 CL-VaPUC
008 991203e19380000CL |||||||||||||||||spa|d
082 0 4 |a 321.2  |b DIA  |2 21 
100 0 |a Díaz-Gana N., Manuel  |e author  |9 436758 
245 1 0 |a España y su nacionalismo sindical 
300 |a 180 p 
942 |c BK 
945 |d 19991203 00:00:00  |a crobeson 
260 |a Valparaíso  |b Liguria  |c 1938 
500 |a Donación Padres Capuchinos 
600 0 7 |a FRANCO, FRANCISCO  |2 CL-VaPUC  |9 313492 
650 0 |a Movimiento obrero   |9 322899 
650 7 |a SINDICALISMO  |2 CL-VaPUC  |9 436759 
650 7 |a NACIONALISMO  |2 CL-VaPUC  |9 436760 
650 0 |a Doctrinas políticas  |9 255835 
651 0 |a España  |9 254926 
583 |a last modification  |c 19991203 00:00:00  |k Rodrigo Vera 
999 |c 284556  |d 284554 
952 |0 0  |1 0  |4 0  |6 321_200000000000000_DIA_1938  |7 0  |8 X  |9 328652  |a BIBHIS  |b BIBHIS  |d 2019-11-20  |i 1372157  |o 321.2 DIA 1938  |p 1372157  |r 2024-01-30  |w 2019-11-20  |y BK_X  |k HIS 
952 |0 0  |1 0  |4 0  |6 321_200000000000000_DIA_1938  |7 0  |8 X  |9 328653  |a BIBHIS  |b BIBHIS  |d 2019-11-20  |i 4363337  |o 321.2 DIA 1938  |p 4363337  |r 2024-01-30  |w 2019-11-20  |y BK_X  |k HIS